Statistics for Where are the Tallest Trees in the World?

Click here to take the quiz!

General Stats

  • This quiz has been taken 86 times
  • The average score is 9 of 15

Answer Stats

Hints; height (to the nearest meter & foot), name (if applicable), & SpeciesAnswer; where is this species of tree located?% Correct
116 meters (380 ft.), Hyperion, Coast Redwood (Sequoia sempevirens)USA
100%
96 m. (314 ft.), Giant Sequoia (Sequoiadendron giganteum)USA
83%
100 m. (328 ft.), Centurion, Mountain Ash (Eucalyptus Regnans)Australia
81%
100 m. (327 ft.), Doerner Fir, Coast Douglas Fir (Pseudotsuga menziesii)USA
79%
97 m. (317 ft.), Sitka Spruce (Picea sitchensis)USA
78%
91 m. (299 ft.), White Knight, Manna gum (Eucalyptus viminalis)Australia
74%
91 m. (298 ft.), Southern blue gum (Eucalyptus globulus)Australia
74%
86 m. (282 ft.), King Stringy, Brown top stringbark (Eucalyptus obliqua)Australia
73%
88 m. (288 ft.), Alpine ash (Eucalyptus delegatensis)Australia
70%
83 m. (274 ft.), Sugar pine (Pinus lambertiana)USA
70%
84 m. (277 ft.), Shining gum (Eucalyptus nitens)Australia
65%
86 m. (281 ft.), Mengaris (Koompassia excelsa)Malaysia
25%
84 m. (277 ft.) Shorea supurbaMalaysia
25%
94 m. (309 ft.), Yellow meranti (Shorea faguetiana)Malaysia
23%
85 m. (278 ft.), Shorea argentifoliaMalaysia
23%

Score Distribution

Percentile by Number Answered

Percent of People with Each Score

Your Score History

You have not taken this quiz